000 00288nam a22001337a 4500
008 170609b xxu||||| |||| 00| 0 eng d
020 _a9781568023205
041 _aeng
080 _26TH
_a32
100 _a19
101 _aSHP
245 _aTHE SUPREME COURT
_cBAUM, L
942 _2udc
_cBK
999 _c16751
_d16751